000
00313nam a22001457a 4500
008
210312b ||||| |||| 00| 0 eng d
020
_a
9781323743065
041
_a
eng
080
_a
573
082
_a
573
100
_a
11
101
_a
BIO
245
_a
Campbell Biology in Focus
_c
Urry,A.L
942
_2
udc
_c
BK
999
_c
56502
_d
56502